| 000 | 01162cab a2200241 4500 | ||
|---|---|---|---|
| 001 | ABS68764 | ||
| 008 | 050209n2005 000 0 eng u | ||
| 035 | _a(Sirsi) u128744 | ||
| 100 | _aMason, L. | ||
| 245 | _aPutting the use classes in order | ||
| 260 | _c2005 | ||
| 490 |
_aPlanning in London _v(52) January 2005, 27(1) |
||
| 520 | _aSummarises the impending changes to the Town and Country Planning (Use Classes) Order 1987, which increase local authority power over the high street in particular. The current changes proposed in November 2003 are expected to take effect in March/April 2005. Describes the imminent changes with regard to use classes A1, A3 and D2. A revised advisory circular will be produced in conjunction with the statutory instruments to set out the new procedure and provide guidance on the interpretation of the changes. | ||
| 590 | _aABS | ||
| 590 | _aRKA | ||
| 650 | _aUSE CLASSES | ||
| 650 | _aTOWN AND COUNTRY PLANNING (USE CLASSES) ORDER 1987 | ||
| 650 | _aTOWN CENTRES | ||
| 650 | _aCHANGE OF USE | ||
| 650 | _aHIGH STREET | ||
| 690 | _aENVIRONMENTAL AND LAND CONSULTANCY-PLANNING AND DEVELOPMENT | ||
| 942 | _n0 | ||
| 999 |
_c74784 _d74784 |
||